| 000 | 00913nmm a2200277 a 4500 | ||
|---|---|---|---|
| 001 | ocm0001683013 | ||
| 003 | TR-IsHL | ||
| 005 | 20201028170131.0 | ||
| 008 | 180102s2010 tu tur | ||
| 007 | cr cn | ||
| 020 | _a9789752698345 | ||
| 035 |
_a1683013 _b(N$T) |
||
| 050 | 0 | 4 |
_aBP80.N89 _bE45 2010 |
| 090 | 0 | 4 |
_aBP80.N89 _bE45 2010 |
| 245 | 1 | 0 |
_a50. Vefat yıldönümünde Bediüzzaman' ı yazdılar _h[electronic resource] / _ceditör Cihan Dinar |
| 260 |
_aİstanbul : _bNesil Yayınları, _c2010 |
||
| 300 | _a77 p. | ||
| 650 | 4 | _aFelsefe, Psikoloji ve Din | |
| 650 | 4 | _aPhilosophy, Psychology and Religion | |
| 650 | 0 | _aNursi, Said, 1873-1960 | |
| 650 | 0 | _aBiyografi | |
| 650 | 0 | _aBiography | |
| 650 | 7 |
_aBIOGRAPHY & AUTOBIOGRAPHY / Religious _2bisacsh |
|
| 700 | 1 | _aDinar, Cihan | |
| 856 | 4 | 0 | _uhttp://search.ebscohost.com/login.aspx?direct=true&scope=site&db=e011xww&AN=1683013 |
| 999 |
_c16112 _d16112 |
||